Responses for show #6654 - Thursday, July 18, 2013

Contestants

[<< previous game]

Berek Marcus, a video game quality assurance tester from Northborough, Massachusetts

Matthew Mahan, a child support officer from Hooksett, New Hampshire

Kerri McCoy, a pediatric emergency-room nurse from Jersey City, New Jersey (whose 1-day cash winnings total $10,600)

[next game >>]

Jeopardy! Round responses

THAT'S SOME "TUDE"!
BUSINESS HISTORIES
CROSSING THE PARTY LINE
AROUND THE WORLD
BABY REGISTRY ITEMS
LONG MOVIE TITLES
    $200 17
aptitude

Berek
    $200 16
Ben & Jerry's

Berek
    $200 26
Chuck Hagel

Berek
    $200 11
Venezuela (or Ecuador)

Matthew
    $200 1
car seat

Berek
    $200 2
the Desert

Kerri
    $400 18
solitude

Berek
    $400 22
Domino's

Berek
    $400 27
Abraham Lincoln & Andrew Johnson

Kerri
    $400 12
The Great Wall of China

Berek
    $400 3
baby monitor

Berek
    $400 4
Lose a Guy

Berek
    $600 19
servitude

Berek
    $600 23
Kiwi

Matthew
    $600 28
Nixon

Matthew
    $600 13
(Berek: What is the Balkan Peninsula?)

the Peloponnesian Peninsula

MatthewBerek
    $600 8
Boppy

Matthew
    $600 5
the Ya-Ya Sisterhood

Berek
    $800 20
magnitude

Berek
    $2,000 24
UPS

Matthew
    $800 29
(Robert) McNamara

Kerri
    $800 14
Indonesia

Berek
    $800 9
(Alex: Sounds like a father of a young one.)

Diaper Genie

Matthew
    $800 6
Two Smoking Barrels

Berek
    $1000 21
platitude

Matthew
    $1000 25
Kelley Blue Book

Berek
    $1000 30
(Berek: Who is Eisenhower?)

FDR

KerriBerek
    $1000 15
Durban

Kerri
    $1000 10
Baby Einstein

Berek
    $1000 7
When You're Dead

Kerri

Scores at the first commercial break (after clue 15):

Kerri Matthew Berek
$2,200 $2,200 $4,000

Scores at the end of the Jeopardy! Round:

Kerri Matthew Berek
$4,400 $6,400 $6,800

Double Jeopardy! Round responses

MEDICAL HISTORY
2 WORDS, 12 TOTAL LETTERS
A CROSS TO BEAR
BALLPARK TOWNS
THE CHARACTER'S NAME HAS BEEN CHANGED
(Alex: I'll give you a quote in which the name has been changed. You have to give the correct name.)
TO PROTECT THE INNOCENT
    $400 1
(Kerri: What is New York?)

Venice

Kerri
Triple Stumper
    $400 21
(Matthew: What is crown prince?)

heir apparent

KerriMatthew
    $400 16
(Berek: What is a crucifix?)

a Latin cross

MatthewBerek
    $400 11
Kansas City

Matthew
    $400 6
Ishmael

Berek
    $400 26
handcuff them

Berek
    $800 2
Legionnaires' disease

Berek
    $800 22
candy striper

Kerri
    $800 17
Odin

Kerri
    $800 12
Chicago

Berek
    $800 7
Don Quixote

Berek
    $800 27
SWAT team

Berek
    $1200 3
Valium

Kerri
    $1200 23
disaster area

Berek
    $1200 18
the papal cross

Triple Stumper
    $1200 13
Cleveland

Berek
    $1200 8
Dr. Lecter

Berek
    $1200 28
vice squad

Kerri
    $2,000 4
(Kerri: What is amnesia?)

dyslexia

Kerri
    $1600 24
flying circus

Berek
    $2,000 19
St. Andrew

Kerri
    $1600 14
Phoenix

Matthew
    $1600 9
Hester Prynne

Kerri
    $1600 29
German Shepherd

Matthew
    $2000 5
cortisone

Kerri
    $2000 25
maiden voyage

Kerri
    $2000 20
Lorraine

Berek
    $2000 15
San Francisco

Matthew
    $2000 10
(Kerri: Who is Sherlock Holmes?)

Sister Carrie

Kerri
Triple Stumper
    $2000 30
(Berek: What are guns?)

crooks

Kerri
Triple Stumper

Scores at the end of the Double Jeopardy! Round:

Kerri Matthew Berek
$10,000 $12,000 $17,600

[wagering suggestions for these scores]

Final Jeopardy! Round responses

HISTORIC TELEGRAMS
(Alex: And about a year later, Churchill made a famous speech about this.)
KerriWhat is ?
$4,000
MatthewWhat is the Iron Curtain?
$10,000
BerekWhat is the Iron Curtain?
$7,599
the Iron Curtain

Final scores:

Kerri Matthew Berek
$6,000 $22,000 $25,199
3rd place: $1,000 2nd place: $2,000 New champion: $25,199

Game dynamics:

Coryat scores:

Kerri Matthew Berek
$11,600 $10,800 $17,600
15 R
(including 1 DD),
4 W
(including 1 DD)
13 R
(including 1 DD),
1 W
27 R,
3 W

Combined Coryat: $40,000

The J! Archive is created by fans, for fans. The Jeopardy! game show and all elements thereof, including but not limited to copyright and trademark thereto, are the property of Jeopardy Productions, Inc. and are protected under law. This website is not affiliated with, sponsored by, or operated by Jeopardy Productions, Inc. Join the discussion at JBoard.tv.